| 000 | 00881cam a2200241 4500 | ||
|---|---|---|---|
| 001 | ABS61691 | ||
| 008 | 000000n1999 000 0 eng u | ||
| 035 | _a(Sirsi) u103111 | ||
| 100 | _aBardos, P. | ||
| 245 | _aUK participation in CLARINET | ||
| 260 | _c1999 | ||
| 490 |
_aLand Contamination & Reclamation _v 7(4) 1999, 237-243(7) |
||
| 520 | _aCLARINET (the Contaminated Land Rehabilitation Network for Environmental Technologies) offers opportunities for UK contaminated land researchers to learn about the current technologies used in Europe. (Taken from journal abstract.) | ||
| 590 | _aABS | ||
| 650 | _aCLARINET | ||
| 650 | _aCONTAMINATED LAND | ||
| 650 | _aCONTAMINATED LAND REHABILITATION NETWORK FOR ENVIRONMENTAL TECHNOLOGIES | ||
| 650 | _aEUROPE | ||
| 690 | _aENVIRONMENT-CONTAMINATION | ||
| 700 | _aLowe, M. | ||
| 700 | _aBaverstock, A. | ||
| 942 | _n0 | ||
| 999 |
_c61962 _d61962 |
||